| 000 | 01347nam a2200421 a 4500 | ||
|---|---|---|---|
| 001 | 20464 | ||
| 003 | VRT | ||
| 005 | 20260122143632.0 | ||
| 008 | 000816q1995 xo g p 000 1 slo d | ||
| 020 | _a8088834392 (brož.) | ||
| 035 | _aUKB000210368 | ||
| 039 | 9 |
_a202401160915 _bfuskovaz _c202203091045 _dgluc |
|
| 040 |
_aBAA001 _bslo _cBAA001 _eAACR2 |
||
| 041 | 0 | _aslo | |
| 044 |
_axo _cSK |
||
| 080 | _a885.4-31 | ||
| 100 | 1 |
_aHurban, Jozef Miloslav, _d1817-1888 |
|
| 243 | 1 | 0 | _aSlovenská romantická próza |
| 245 | 1 | 0 |
_aOlejkár ; Od Silvestra do Troch kráľov _cJozef Miloslav Hurban |
| 260 |
_aRohovce _bInterpopulart Slovakia _c[1995] |
||
| 300 | _a127 s. | ||
| 490 | 1 |
_aPopulart. Študentská knižnica _v40 |
|
| 500 | _aSlovenská romantická próza | ||
| 500 | _aDokument obsahuje 2 diela | ||
| 504 | _aBibliogr. s. 126 | ||
| 530 | _aDostupný aj zvukový záznam | ||
| 650 | 0 | 7 | _aliteratúra slovenská romantická |
| 650 | 0 | 7 | _aromány |
| 653 | _a885.4-31 | ||
| 740 | 0 | 2 | _aOd Silvestra do Troch kráľov |
| 776 | 0 |
_tOd Silvestra do Troch kráľov _i[zvukový záznam] |
|
| 830 | 0 | _aPopulart. Študentská knižnica | |
| 910 | _aukb | ||
| 942 |
_2ddc _cKLDO _n0 |
||
| 949 |
_61800009242 _a30.D.66692 _bPV.5699-96 |
||
| 949 |
_61800009241 _aSL.D.24715 _bPV.5700-96 |
||
| 949 |
_61800065050 _a30.D.66692 _bNA.250-99 |
||
| 999 |
_c20464 _d20464 |
||